The state and the unions : Labor relations, law, and the organized labor movement in America, 1880-1960
Contents: The legitimacy of the labor union; Labor and the liberal state; Lie down like good dogs.
Sparad:
| Huvudupphovsman: | |
|---|---|
| Materialtyp: | Bok |
| Språk: | Undetermined |
| Publicerad: |
Cambridge
Cambridge University Press
1985
|
| Ämnen: | |
| Taggar: |
Lägg till en tagg
Inga taggar, Lägg till första taggen!
|
| Thư viện lưu trữ: | Trung tâm Học liệu Trường Đại học Cần Thơ |
|---|
| LEADER | 00802nam a2200229Ia 4500 | ||
|---|---|---|---|
| 001 | CTU_186510 | ||
| 008 | 210402s9999 xx 000 0 und d | ||
| 082 | |a 344.73 | ||
| 082 | |b T659 | ||
| 100 | |a Tomlins, Christopher L. | ||
| 245 | 4 | |a The state and the unions : | |
| 245 | 0 | |b Labor relations, law, and the organized labor movement in America, 1880-1960 | |
| 245 | 0 | |c Christopher L. Tomlins | |
| 260 | |a Cambridge | ||
| 260 | |b Cambridge University Press | ||
| 260 | |c 1985 | ||
| 520 | |a Contents: The legitimacy of the labor union; Labor and the liberal state; Lie down like good dogs. | ||
| 650 | |a Labor unions,Liên đoàn lao động | ||
| 650 | |x History,Lịch sử | ||
| 650 | |z United States,Mỹ | ||
| 904 | |i Giang | ||
| 980 | |a Trung tâm Học liệu Trường Đại học Cần Thơ | ||